000 00616nam a2200169 a 4500
001 000036930
005 20200930080028.0
008 120206s1964 sp 000 0 spa d
040 _aDO-SdBNP
_bspa
_cBNPHU
082 _axxxx
_bF363p
100 1 _aFernández Ruiz, José
_963327
245 1 3 _aEl práctico de puerto y el contrato de practicaje. /
_cJosé L. Fernández Ruiz; prólogo F. Sánchez Calero.
260 _aBarcelona :
_bEdiciones Nauta,
_c1964.
300 _a198 p. ;
_c21 cm.
504 _aIncluye referencias bibliográfica y notas al pie de las páginas
700 1 _aSánchez Calero, F.,
_epról.
_963328
999 _c36420
_d36420